Sorrowheart / (Запис № 550717)

МАРК-запис
000 -LEADER
fixed length control field 01492cam a2200373 a 4500
001 - CONTROL NUMBER
control field sorrowheart00lore
003 - CONTROL NUMBER IDENTIFIER
control field CaSfIA
005 - DATE AND TIME OF LATEST TRANSACTION
control field 20210119083404.0
007 - PHYSICAL DESCRIPTION FIXED FIELD--GENERAL INFORMATION
fixed length control field cr||||
008 - FIXED-LENGTH DATA ELEMENTS--GENERAL INFORMATION
fixed length control field 920916s1993 nyu 000 1 eng
010 ## - LIBRARY OF CONGRESS CONTROL NUMBER
LC control number 92036467
040 ## - CATALOGING SOURCE
Original cataloging agency DLC
Transcribing agency DLC
Modifying agency OCL
-- OCLCQ
-- BAKER
-- BTCTA
-- YDXCP
-- CaSfIA
020 ## - INTERNATIONAL STANDARD BOOK NUMBER
International Standard Book Number 0385467818 :
Terms of availability $17.00 ($21.00 Can.)
020 ## - INTERNATIONAL STANDARD BOOK NUMBER
International Standard Book Number 9780385467810
035 ## - SYSTEM CONTROL NUMBER
System control number (OCoLC)26763886
050 00 - LIBRARY OF CONGRESS CALL NUMBER
Classification number PS3562.O7525
Item number S67 1993
082 00 - DEWEY DECIMAL CLASSIFICATION NUMBER
Classification number 813/.54
Edition number 20
029 1# - (OCLC)
OCLC library identifier YDXCP
System control number 315551
029 1# - (OCLC)
OCLC library identifier NZ1
System control number 4025133
029 1# - (OCLC)
OCLC library identifier AU@
System control number 000009430913
100 1# - MAIN ENTRY--PERSONAL NAME
Personal name Lorens, M. K.
245 10 - TITLE STATEMENT
Title Sorrowheart /
Medium [electronic resource]
Statement of responsibility, etc M.K. Lorens.
250 ## - EDITION STATEMENT
Edition statement 1st ed.
260 ## - PUBLICATION, DISTRIBUTION, ETC. (IMPRINT)
Place of publication, distribution, etc New York :
Name of publisher, distributor, etc Doubleday,
Date of publication, distribution, etc 1993.
300 ## - PHYSICAL DESCRIPTION
Extent 387 p. ;
Dimensions 23 cm.
500 ## - GENERAL NOTE
General note "A Perfect crime book."
506 ## - RESTRICTIONS ON ACCESS NOTE
Standardized terminology for access restriction Необхідна авторизація на https://archive.org/ (створення облікового запису безкоштовно)
506 ## - RESTRICTIONS ON ACCESS NOTE
Standardized terminology for access restriction Необхідна авторизація на https://openlibrary.org/ (створення облікового запису безкоштовно)
650 #0 - SUBJECT ADDED ENTRY--TOPICAL TERM
Topical term or geographic name as entry element Sherman, Winston Marlowe (Fictitious character)
Form subdivision Fiction.
655 #7 - INDEX TERM--GENRE/FORM
Genre/form data or focus term Mystery fiction.
Source of term gsafd
856 41 - ELECTRONIC LOCATION AND ACCESS
Uniform Resource Identifier <a href="http://www.archive.org/details/sorrowheart00lore">http://www.archive.org/details/sorrowheart00lore</a>
Public note Free eBook from the Internet Archive
856 42 - ELECTRONIC LOCATION AND ACCESS
Uniform Resource Identifier <a href="http://www.openlibrary.org/books/OL1731905M">http://www.openlibrary.org/books/OL1731905M</a>
Public note Additional information and access via Open Library
942 ## - ADDED ENTRY ELEMENTS (KOHA)
Koha item type ЕКнига

Немає доступних примірників.